000 01698cam a22004094i 4500
003 PE-LiUPU
005 20250731184109.0
008 150625s1998 sp a rb 000 0 spa d
020 _a8481692352
035 _a(Sirsi) i9788481692358
040 _aPE-LiUPU
_bspa
_cPE-LiUPU
_erda
049 _aPRUA
082 0 4 _a808.8
_bD16
_221
100 1 _aGafo Fernández, Javier dir.,
_eautor.
245 1 0 _a10 palabras claves en ecología.
_n16 /
_cJavier Gafo Fernández dir.
246 3 _aDiez palabras claves en ecología
264 1 _aPamplona :
_bVerbo Divino,
_c1998.
300 _a381 páginas :
_bilustraciones ;
_c21 centímetros.
336 _atext
_2rdacontent
337 _aunmediated
_2rdamedia
338 _avolume
_2rdacarrier
490 0 _a10 Palabras clave en ;
_v16
504 _aIncluye referencias bibliográficas al final de cada artículo.
505 0 _aEcología -- Biodiversidad -- Transgénicos -- Derechos de los animales -- Cambio climático -- Capa de ozono -- Desarrollo sostenible -- Desafio demográfico -- Ecología y religiones -- Ecoética.
526 _aP145
526 _aP127
526 _aP97
526 _aP14
526 _aP07
541 _g007-0017628;
650 0 4 _aEcología
_xTerminología.
942 _2ddc
_cBOOK
949 _a808.8 D 16
_wDEWEY
_c1
_i55890
_lCCODEBUL1
_mBUL
_p23.00
_r0
_sY
_tBOOK
_u2015-6-25
_xTEOLOGIA
_zUNKNOWN
_0COMPRA
_o.STAFF. Colección General
994 _aC0
_bPEPRU
596 _a1
999 _a808.8 D 16
_wDEWEY
_c44727
_i55890
_f2021-11-5
_g5
_lCCODEBUL1
_mBUL
_p23.00
_r0
_sY
_tBOOK
_u2015-6-25
_xBIBLIOTECA
_PP35
_0COMPRA
_o.STAFF. Colección Teología
_d44727
980 _81
_gALBERTO SANCHEZ Responsable de Automatización